| Tag |
First Indicator |
Second Indicator |
Subfields |
| LEADER |
00000cam a2200000Ka 4500 |
| 001 |
in00002415113 |
| 005 |
20151109135114.0 |
| 008 |
080501s2008 nyu b 001 0 eng d |
| 020 |
|
|
|a 9780307394620
|
| 020 |
|
|
|a 030739462X
|
| 029 |
1 |
|
|a NZ1
|b 12363019
|
| 035 |
|
|
|a (OCoLC)ocn226855595
|
| 035 |
|
|
|a (OCoLC)226855595
|
| 040 |
|
|
|a JRQ
|c JRQ
|d B2A
|d LCS
|d KZV
|d H4N
|d UtOrBLW
|
| 049 |
|
|
|a TXAM
|
| 050 |
0 |
0 |
|a RA784
|b .L3 2008
|
| 082 |
0 |
0 |
|a 613.2
|2 22
|
| 100 |
1 |
|
|a La Puma, John.
|
| 245 |
1 |
0 |
|a ChefMD's big book of culinary medicine :
|b a food lover's road map to losing weight, preventing disease, and getting really healthy /
|c by John La Puma , M.D., and Rebecca Powell Marx.
|
| 246 |
1 |
2 |
|a Big book of culinary medicine
|
| 250 |
|
|
|a 1st ed.
|
| 264 |
|
1 |
|a New York :
|b Crown Publishers,
|c [2008]
|
| 264 |
|
4 |
|c ©2008
|
| 300 |
|
|
|a xviii, 300 pages ;
|c 25 cm.
|
| 336 |
|
|
|a text
|b txt
|2 rdacontent
|
| 337 |
|
|
|a unmediated
|b n
|2 rdamedia
|
| 338 |
|
|
|a volume
|b nc
|2 rdacarrier
|
| 504 |
|
|
|a Includes bibliographical references (pages 269-288) and index.
|
| 650 |
|
0 |
|a Nutrition.
|
| 650 |
|
0 |
|a Diet therapy.
|
| 650 |
|
0 |
|a Cooking (Natural foods)
|
| 700 |
1 |
|
|a Marx, Rebecca Powell.
|
| 948 |
|
|
|a cataloged
|b h
|c 2008/10/21
|d c
|e ceaton
|f 1:04:02 pm
|
| 994 |
|
|
|a C0
|b TXA
|
| 999 |
|
|
|a MARS
|
| 999 |
f |
f |
|s 6b588537-31cc-3adc-a7c6-1710d7330a0b
|i 75f50c62-4559-31b8-ac21-4ff2221ced84
|t 0
|
| 952 |
f |
f |
|p normal
|a Texas A&M University
|b College Station
|c Sterling C. Evans Library
|d Evans: Library Stacks
|t 0
|e RA784 .L3 2008
|h Library of Congress classification
|i unmediated -- volume
|m A14837365420
|
| 998 |
f |
f |
|a RA784 .L3 2008
|t 0
|l Evans: Library Stacks
|